ՀՀ Գիտությունների ազգային ակադեմիայի հիմնարար գիտական գրադարան  =   Fundamental Scientific Library of NAS RA

Башо / (Record no. 154292)

MARC details
000 -LEADER
fixed length control field 00621nam a2200193 u 4500
001 - CONTROL NUMBER
control field 000406197
003 - CONTROL NUMBER IDENTIFIER
control field AM-YeHGA
005 - DATE AND TIME OF LATEST TRANSACTION
control field 20250618072408.0
008 - FIXED-LENGTH DATA ELEMENTS--GENERAL INFORMATION
fixed length control field 050127s1903 ru |||||||||||000|0|rus d
040 ## - CATALOGING SOURCE
Original cataloging agency AM-YeHGA
041 1# - LANGUAGE CODE
Language code of text/sound track or separate title rus
Language code of original arm
090 ## - LOCALLY ASSIGNED LC-TYPE CALL NUMBER (OCLC); LOCAL CALL NUMBER (RLIN)
-- 155690
100 1# - MAIN ENTRY--PERSONAL NAME
Personal name Ահարոնյան, Ավետիս Առաքելի,
Dates associated with a name 1866-1948
9 (RLIN) 1814
245 10 - TITLE STATEMENT
Title Башо /
Statement of responsibility, etc. Пер. К. Мелик-Каракозов.
260 ## - PUBLICATION, DISTRIBUTION, ETC.
Place of publication, distribution, etc. Тифлис :
Name of publisher, distributor, etc. [Б. и.],
Date of publication, distribution, etc. 1903.
300 ## - PHYSICAL DESCRIPTION
Extent 14 с.
440 #0 - SERIES STATEMENT/ADDED ENTRY--TITLE
Title Библиотека армянских писателей
700 1# - ADDED ENTRY--PERSONAL NAME
Personal name Мелик-Каракозов, К.
Relator term пер.
Relationship trl
Holdings
Withdrawn status Lost status Damaged status Not for loan Collection Home library Current library Date acquired Total checkouts Full call number Barcode Date last seen Price effective from Koha item type Public note
        General Fundamental Scientific Library Fundamental Scientific Library 28/12/2016   891.99 120620855 28/12/2016 28/12/2016 Գրքեր / Books Two weeks Loan
        General Fundamental Scientific Library Fundamental Scientific Library 28/12/2016   PIII/44967 FL0386853 28/12/2016 28/12/2016 Գրքեր / Books 30 Days Loan


ՀՀ ԳԱԱ հիմնարար գիտական գրադարան
ՀՀ,Երևան 0019
Մարշալ Բաղրամյան 24/6
հեռախոս:(374-10) 52-47-50
Հետադարձ կապ

All site content, except where otherwise noted, is licensed under a
Creative Commons License